Re A Company (No. 1299 of 2001) (Record no. 67927)

MARC details
000 -LEADER
fixed length control field 01376cam a2200217 4500
001 - CONTROL NUMBER
control field ABS64218
008 - FIXED-LENGTH DATA ELEMENTS--GENERAL INFORMATION
fixed length control field 010807n2001 000 0 eng u
035 ## - SYSTEM CONTROL NUMBER
System control number (Sirsi) u113977
245 ## - TITLE STATEMENT
Title Re A Company (No. 1299 of 2001)
260 ## - PUBLICATION, DISTRIBUTION, ETC.
Date of publication, distribution, etc. 2001
490 ## - SERIES STATEMENT
Series statement Construction Industry Law Letter
Volume/sequential designation [2001] CILL 1745-1748(4)
520 ## - SUMMARY, ETC.
Summary, etc. ChD 15 May 2001. Cape Construction Ltd (CCL) sought an injunction to prevent Guaranteed Asphalt Ltd (GAL) from presenting a winding up petition after CCL had refused to make payments for roofing works carried out by GAL on the basis that it had claims for set-off and abatement which would have extinguished the debt. The court refused CCL's application on grounds that, as CCL had failed to serve a notice of intention to withhold payment in accordance with the Housing Grants, Construction and Regeneration Act s111 and the works had been certified by CCL's surveyor, there was an undisputed debt, and because CCL could and should have begun cross adjudication proceedings when it became aware of the problems with the works.
590 ## - LOCAL NOTE (RLIN)
Local note ABS
650 ## - SUBJECT ADDED ENTRY--TOPICAL TERM
Topical term or geographic name entry element CAPE CONSTRUCTION LTD V GUARANTEED ASPHALT LTD
650 ## - SUBJECT ADDED ENTRY--TOPICAL TERM
Topical term or geographic name entry element HOUSING GRANTS CONSTRUCTION AND REGENERATION ACT 1996 S111
650 ## - SUBJECT ADDED ENTRY--TOPICAL TERM
Topical term or geographic name entry element NOTICE OF INTENTION
650 ## - SUBJECT ADDED ENTRY--TOPICAL TERM
Topical term or geographic name entry element WINDING-UP ORDERS
650 ## - SUBJECT ADDED ENTRY--TOPICAL TERM
Topical term or geographic name entry element WITHOLDING PAYMENT
690 ## - LOCAL SUBJECT ADDED ENTRY--TOPICAL TERM (OCLC, RLIN)
Topical term or geographic name as entry element BUILDING AND CONSTRUCTION-LAW
942 ## - ADDED ENTRY ELEMENTS (KOHA)
Suppress in OPAC 0
Holdings
Withdrawn status Lost status Source of classification or shelving scheme Damaged status Not for loan Home library Current library Shelving location Date acquired Total Checkouts Full call number Barcode Date last seen Copy number Price effective from Koha item type
    Dewey Decimal Classification     London London Journal article 07/08/2001   ABS64218 113977-1001 06/08/2019 1 06/08/2019 Law report